Govt. of
Madhya Pradesh

Dictionary of Computer (Record no. 63897)

MARC details
000 -LEADER
fixed length control field 00250nam a22001097a 4500
082 ## - DEWEY DECIMAL CLASSIFICATION NUMBER
Classification number 403
100 ## - MAIN ENTRY--AUTHOR NAME
Personal name Narayan, Rajneesh
245 ## - TITLE STATEMENT
Title Dictionary of Computer
260 ## - PUBLICATION, DISTRIBUTION, ETC. (IMPRINT)
Place of publication Delhi
Name of publisher Mukund Pub
Year of publication 2018
650 ## - SUBJECT ADDED ENTRY--TOPICAL TERM
Topical Term Dictionary
942 ## - ADDED ENTRY ELEMENTS (KOHA)
Koha item type Books
Holdings
Withdrawn status Lost status Damaged status Not for loan Home library Current library Date acquired Cost, normal purchase price Full call number Accession Number Price effective from Koha item type
        MACL MACL 20/11/2020 750.00 403 CRE037005 20/11/2020 Books